El método Decroly
Na minha lista:
| Autor principal: | |
|---|---|
| Formato: | Livro |
| Idioma: | espanhol |
| Publicado em: |
Buenos Aires
Losada
1945
|
| Colecção: | Escuela Activa. La nueva educación
|
| Assuntos: | |
| Tags: |
Adicionar Tag
Sem tags, seja o primeiro a adicionar uma tag!
|
MARC
| LEADER | 00000nam a2200000 a 4500 | ||
|---|---|---|---|
| 001 | UCW6458 | ||
| 003 | CL-VaPUC | ||
| 008 | 920114e19450000AG |||||||||||||||||spa|d | ||
| 082 | 0 | 4 | |a 371.39 |b BAL |2 21 |
| 100 | 0 | |a Ballesteros Beretta, Antonio |e author |9 311489 | |
| 245 | 1 | 3 | |a El método Decroly |
| 300 | |a 123 p | ||
| 942 | |c BK | ||
| 945 | |d 19920114 00:00:00 | ||
| 260 | |a Buenos Aires |b Losada |c 1945 | ||
| 650 | 7 | |a METODO DECROLY |2 CL-VaPUC |9 310025 | |
| 583 | |a last modification |c 19920114 00:00:00 |k Rodrigo Vera | ||
| 490 | 0 | |a Escuela Activa. La nueva educación | |
| 999 | |c 219512 |d 219510 | ||
| 952 | |0 0 |1 0 |4 0 |6 371_390000000000000_BAL_1945 |7 0 |8 P |9 210519 |a BIBEDU |b BIBEDU |c BIBEDU_PB |d 2019-11-15 |i 2786591 |o 371.39 BAL 1945 |p 2786591 |r 2024-01-25 |w 2019-11-15 |y BK |k EDU | ||
| 952 | |0 0 |1 0 |4 0 |6 371_390000000000000_BAL_1945 |7 0 |8 P |9 210520 |a BIBEDU |b BIBEDU |c BIBEDU_PB |d 2019-11-15 |i 1553305 |o 371.39 BAL 1945 |p 1553305 |r 2024-01-25 |w 2019-11-15 |y BK |k EDU | ||
| 952 | |0 0 |1 0 |4 0 |6 371_390000000000000_BAL_1945 |7 0 |8 P |9 210521 |a BIBEDU |b BIBEDU |c BIBEDU_PB |d 2019-11-15 |i 2075555 |o 371.39 BAL 1945 |p 2075555 |r 2024-01-25 |w 2019-11-15 |y BK |k EDU | ||